Cuento contigo: Cuentos, relatos y poemas

محفوظ في:
التفاصيل البيبلوغرافية
المؤلف الرئيسي: Fontaine C., Loreto (مؤلف)
التنسيق: كتاب
اللغة:الإسبانية
منشور في: Santiago Centro de Estudios Públicos 2006
Santiago Planeta 2006
الطبعة:2a. ed
سلاسل:Colección Cuento Contigo
الموضوعات:
الوسوم: إضافة وسم
لا توجد وسوم, كن أول من يضع وسما على هذه التسجيلة!

MARC

LEADER 00000nam a2200000 a 4500
001 UCH9807
003 CL-VaPUC
008 100121e20061200cl |||||||||||||||||spa|d
020 |a 9567015341t.1 
020 |a 965701535Xt.2 
020 |a 9567015368t.3 
020 |a 9567015376t.4 
020 |a 9567015384t.5 
082 0 4 |a 808.0683  |b FON  |2 21 
100 0 |a Fontaine C., Loreto  |e author  |9 547098 
245 1 0 |a Cuento contigo: Cuentos, relatos y poemas 
250 |a 2a. ed 
300 |a t 
942 |c BK 
945 |d 20100121 00:00:00  |a dcastane 
260 |a Santiago  |b Centro de Estudios Públicos  |c 2006 
260 |a Santiago  |b Planeta  |c 2006 
650 0 |a Literatura infantil   |9 307465 
650 0 |a Literatura juvenil   |9 309909 
651 7 |a CHILE  |2 CL-VaPUC  |9 547099 
583 |a last modification  |c 20130812 02:48:19  |k Rodrigo Vera 
490 0 |a Colección Cuento Contigo 
999 |c 339696  |d 339694